Transcultural concepts in nursing care / (Record no. 19327)
[ view plain ]
| 000 -LEADER | |
|---|---|
| fixed length control field | 02314cam a2200301 a 4500 |
| 001 - CONTROL NUMBER | |
| control field | 16734960 |
| 005 - DATE AND TIME OF LATEST TRANSACTION | |
| control field | 20150510131950.0 |
| 008 - FIXED-LENGTH DATA ELEMENTS--GENERAL INFORMATION | |
| fixed length control field | 110411t2012 paua frb 001 0 eng d |
| 020 ## - INTERNATIONAL STANDARD BOOK NUMBER | |
| International Standard Book Number | 9781608310753 (pbk. : alk. paper) |
| 020 ## - INTERNATIONAL STANDARD BOOK NUMBER | |
| International Standard Book Number | 1608310752 (pbk. : alk. paper) |
| 040 ## - CATALOGING SOURCE | |
| Original cataloging agency | DNLM/DLC |
| Transcribing agency | DLC |
| Modifying agency | YDX |
| -- | NLM |
| -- | YDXCP |
| -- | COU |
| -- | BWX |
| -- | CDX |
| -- | DLC |
| -- | EG-ScBUE |
| 082 00 - DEWEY DECIMAL CLASSIFICATION NUMBER | |
| Classification number | 362.173 |
| Edition number | 22 |
| Item number | TRA |
| 245 00 - TITLE STATEMENT | |
| Title | Transcultural concepts in nursing care / |
| Statement of responsibility, etc | [edited by] Margaret M. Andrews, Joyceen S. Boyle. |
| 250 ## - EDITION STATEMENT | |
| Edition statement | 6th ed. |
| 260 ## - PUBLICATION, DISTRIBUTION, ETC. (IMPRINT) | |
| Place of publication, distribution, etc | Philadelphia : |
| Name of publisher, distributor, etc | Wolters Kluwer Health / Lippincott Williams & Wilkins, |
| Date of publication, distribution, etc | c.2012. |
| 300 ## - PHYSICAL DESCRIPTION | |
| Extent | xix, 476 p. : |
| Other physical details | ill. ; |
| Dimensions | 23 cm. |
| 500 ## - GENERAL NOTE | |
| General note | Rev. ed. of: Transcultural concepts in nursing care / Margaret M. Andrews, Joyceen S. Boyle. 5th ed. c2008. |
| 500 ## - GENERAL NOTE | |
| General note | Index : p. 465-476. |
| 504 ## - BIBLIOGRAPHY, ETC. NOTE | |
| Bibliography, etc | Includes bibliographical references. |
| 505 0# - FORMATTED CONTENTS NOTE | |
| Formatted contents note | Theoretical foundations of transcultural nursing / Margaret M. Andrews and Joyceen S. Boyle -- Culturally competent nursing care / Margaret M. Andrews -- Cultural competence in the health history and physical examination / Margaret M. Andrews -- The influence of cultural and health belief systems on health care practices / Margaret M. Andrews -- Transcultural perspectives in childbearing / Jana Lauderdale -- Transcultural perspectives in the nursing care of children / Barbara C. Woodring and Margaret M. Andrews -- Transcultural perspectives in the nursing care of adults / Joyceen S. Boyle -- Transcultural perspectives in the nursing care of older adults / Margaret A. McKenna -- Creating culturally competent organizations / Patti Ludwig-Beymer -- Transcultural perspectives in mental health nursing / Joanne T. Ehrmin -- Culture, family, and community / Joyceen S. Boyle and Martha B. Baird -- Cultural diversity in the health care workforce / Margaret M. Andrews and Patti Lugwig-Beymer -- Religion, culture, and nursing / Patricia A. Hanson -- Cultural competence in ethical decision making / Dula F. Pacquiao -- Perspectives on international nursing / Paula Herberg. |
| 650 #7 - SUBJECT ADDED ENTRY--TOPICAL TERM | |
| Topical term or geographic name as entry element | Transcultural nursing. |
| Source of heading or term | BUEsh |
| 9 (RLIN) | 36287 |
| 651 ## - SUBJECT ADDED ENTRY--GEOGRAPHIC NAME | |
| Source of heading or term | BUEsh |
| 653 ## - INDEX TERM--UNCONTROLLED | |
| Resource For college | Nursing |
| Arrived date list | May2015 |
| 655 ## - INDEX TERM--GENRE/FORM | |
| Form subdivision | |
| -- | 34232 |
| 700 1# - ADDED ENTRY--PERSONAL NAME | |
| Personal name | Andrews, Margaret M., |
| 9 (RLIN) | 37895 |
| Relator term | editor. |
| 700 1# - ADDED ENTRY--PERSONAL NAME | |
| Personal name | Boyle, Joyceen S., |
| 9 (RLIN) | 37896 |
| Relator term | editor. |
| 942 ## - ADDED ENTRY ELEMENTS (KOHA) | |
| Source of classification or shelving scheme | Dewey Decimal Classification |
| Withdrawn status | Item status | Source of classification or shelving scheme | Damaged status | Not for loan | Vendor | Home library | Current library | Shelving location | Date acquired | Cost, normal purchase price | Serial Enumeration / chronology | Total Checkouts | Total Renewals | Full call number | Barcode | Date last seen | Date last borrowed | Cost, replacement price | Koha item type |
|---|---|---|---|---|---|---|---|---|---|---|---|---|---|---|---|---|---|---|---|
| Dewey Decimal Classification | Alahram | Central Library | Central Library | First floor | 10/05/2015 | 288.00 | 321 | 27 | 36 | 362.173 TRA | 000038201 | 23/11/2025 | 18/11/2025 | 360.00 | Book - Borrowing |